| 000 | 01380nam a2200241Ia 4500 | ||
|---|---|---|---|
| 003 | Ost | ||
| 005 | 20260507075611.0 | ||
| 008 | 260507s9999||||xx |||||||||||||| ||und|| | ||
| 020 | _a9789961016268 | ||
| 040 | _cfsecg | ||
| 041 | _aara | ||
| 082 | _a332.1 | ||
| 100 |
_aناصر، سليمان _eمؤلف |
||
| 245 | 0 |
_aالتقنيات البنكية وعمليات الائتمان / _c سليمان ناصر |
|
| 260 |
_aالجزائر: _bديوان المطبوعات الجامعية, _c2015 |
||
| 300 |
_a176 صفحة؛ _bإيضاحات ؛ _c22 سم |
||
| 504 | _aالمراجع ص.168 | ||
| 520 | _aتناول هذا الكتاب التقنيات البنكية وعمليات الإئتمان، وتتمثل محاوره الكبرى في مايلي: مدخل عام الى التقنيات والخدمات البنكية وعمليات الائتمان بكل بمختلف أنواعها (قصير، متوسط وطويل الأجل) . تقنيات ومعايير تقييم المشاريع وهي التي يحتاجها موظف البنك في دراسة أي مشروع يطلب قرضا أو تمويلا. تقنيات تمويل التجارة الخارجية ، وأخيرا عمليات البنوك الإسلامية . | ||
| 653 | _aالائتمان | ||
| 653 | _aالبنوك | ||
| 653 | _aالبنوك الإسلامية | ||
| 942 | _cكتاب | ||
| 999 |
_c45072 _d45072 |
||